| 000 | 00432nam a22001577a 4500 | ||
|---|---|---|---|
| 020 | _a818423063x | ||
| 082 |
_aM301 _bKRI/M |
||
| 100 |
_aKrishnan Nair M _9108530 |
||
| 245 |
_aMalayalathinte suvarnakathakal / _cby Krishnan Nair M |
||
| 260 |
_aThrissur: _bGreen Books, _c2016. |
||
| 300 | _a184p. | ||
| 650 |
_aStories Malayalam _9108531 |
||
| 650 |
_aLiterature Malayalam _9108532 |
||
| 650 |
_aLiterature _9108533 |
||
| 942 | _cBK | ||
| 999 |
_c137907 _d137907 |
||